Высокотемпературная химия силикатов и оксидов: тезисы докладов VII Международной конференции, 18-21 марта 1998 года, Санкт-Петербург

Bibliografische gegevens
Coauteur: Высокотемпературная химия силикатов и оксидов международная конференция
Taal:Russisch
Gepubliceerd in: СПб., 1998
Onderwerpen:
Formaat: MixedMaterials Boek
KOHA link:https://koha.lib.tpu.ru/cgi-bin/koha/opac-detail.pl?biblionumber=93899

MARC

LEADER 00000nam0a2200000 4500
001 93899
005 20231101213921.0
010 |a 5799700600 
035 |a (RuTPU)RU\TPU\book\100589 
035 |a RU\TPU\book\9184 
090 |a 93899 
100 |a 20060404d1998 m y0rusy50 ca 
101 0 |a rus 
102 |a RU 
105 |a y j 100zy 
200 1 |a Высокотемпературная химия силикатов и оксидов  |e тезисы докладов VII Международной конференции, 18-21 марта 1998 года, Санкт-Петербург 
210 |a СПб.  |d 1998 
215 |a 299 с. 
606 1 |a Силикаты  |x Термохимия  |2 stltpush  |3 (RuTPU)RU\TPU\subj\54769  |9 72864 
606 1 |a Оксиды  |x Химическая термодинамика  |2 stltpush  |3 (RuTPU)RU\TPU\subj\70582  |9 84801 
610 1 |a оксиды 
610 1 |a структура 
610 1 |a термодинамика 
610 1 |a физическая химия 
675 |a 546.284(063)  |v 3 
675 |a 546-31(063)  |v 3 
712 1 2 |a Высокотемпературная химия силикатов и оксидов  |b международная конференция  |c тезисы докладов  |d 7  |e Санкт-Петербург  |f 1998 
801 0 |a RU  |b 63413507  |c 20011209  |g PSBO 
801 1 |a RU  |b 63413507  |c 20060404  |g PSBO 
801 2 |a RU  |b 63413507  |c 20160203  |g PSBO 
942 |c BK